<?xml version="1.0" encoding="UTF-8"?>
<record
    xmlns:xsi="http://www.w3.org/2001/XMLSchema-instance"
    xsi:schemaLocation="http://www.loc.gov/MARC21/slim http://www.loc.gov/standards/marcxml/schema/MARC21slim.xsd"
    xmlns="http://www.loc.gov/MARC21/slim">

  <leader>02274nam a2200469 i 4500</leader>
  <controlfield tag="001">nkc20233576682</controlfield>
  <controlfield tag="003">CZ PrNK</controlfield>
  <controlfield tag="005">20260422105447.0</controlfield>
  <controlfield tag="007">ta</controlfield>
  <controlfield tag="008">231201s2023    xr     g      000 f cze  </controlfield>
  <datafield tag="015" ind1=" " ind2=" ">
    <subfield code="a">cnb003576682</subfield>
  </datafield>
  <datafield tag="020" ind1=" " ind2=" ">
    <subfield code="a">978-80-279-1002-1</subfield>
    <subfield code="q">(v&#xE1;z&#xE1;no)</subfield>
  </datafield>
  <datafield tag="035" ind1=" " ind2=" ">
    <subfield code="a">(OCoLC)1425859939</subfield>
  </datafield>
  <datafield tag="040" ind1=" " ind2=" ">
    <subfield code="a">ABG001</subfield>
    <subfield code="b">cze</subfield>
    <subfield code="e">rda</subfield>
  </datafield>
  <datafield tag="072" ind1=" " ind2="7">
    <subfield code="a">821.162.3-3</subfield>
    <subfield code="x">&#x10C;esk&#xE1; pr&#xF3;za</subfield>
    <subfield code="2">Konspekt</subfield>
    <subfield code="9">25</subfield>
  </datafield>
  <datafield tag="080" ind1=" " ind2=" ">
    <subfield code="a">821.162.3-31</subfield>
    <subfield code="2">MRF</subfield>
  </datafield>
  <datafield tag="080" ind1=" " ind2=" ">
    <subfield code="a">(0:82-311.6)</subfield>
    <subfield code="2">MRF</subfield>
  </datafield>
  <datafield tag="080" ind1=" " ind2=" ">
    <subfield code="a">(0:82-312.4)</subfield>
    <subfield code="2">MRF</subfield>
  </datafield>
  <datafield tag="100" ind1="1" ind2=" ">
    <subfield code="a">Hor&#xE1;kov&#xE1;, Na&#x10F;a,</subfield>
    <subfield code="d">1962-</subfield>
    <subfield code="7">ola2002105147</subfield>
    <subfield code="4">aut</subfield>
    <subfield code="9">5940</subfield>
  </datafield>
  <datafield tag="245" ind1="1" ind2="0">
    <subfield code="a">Kronika zapomenut&#xE9;ho kn&#x11B;ze, aneb, H&#x159;&#xED;chy na templ&#xE1;&#x159;sk&#xE9; tvrzi v &#x10C;ejkovic&#xED;ch /</subfield>
    <subfield code="c">Na&#x10F;a Hor&#xE1;kov&#xE1;</subfield>
  </datafield>
  <datafield tag="246" ind1="3" ind2="0">
    <subfield code="a">H&#x159;&#xED;chy na templ&#xE1;&#x159;sk&#xE9; tvrzi v &#x10C;ejkovic&#xED;ch</subfield>
  </datafield>
  <datafield tag="250" ind1=" " ind2=" ">
    <subfield code="a">Druh&#xE9;, upraven&#xE9; vyd&#xE1;n&#xED;, v nakladatelstv&#xED; MOBA vyd&#xE1;n&#xED; prvn&#xED;</subfield>
  </datafield>
  <datafield tag="264" ind1=" " ind2="1">
    <subfield code="a">Brno :</subfield>
    <subfield code="b">MOBA,</subfield>
    <subfield code="c">2023</subfield>
  </datafield>
  <datafield tag="300" ind1=" " ind2=" ">
    <subfield code="a">245 stran ;</subfield>
    <subfield code="c">21 cm</subfield>
  </datafield>
  <datafield tag="336" ind1=" " ind2=" ">
    <subfield code="a">text</subfield>
    <subfield code="b">txt</subfield>
    <subfield code="2">rdacontent</subfield>
  </datafield>
  <datafield tag="337" ind1=" " ind2=" ">
    <subfield code="a">bez m&#xE9;dia</subfield>
    <subfield code="b">n</subfield>
    <subfield code="2">rdamedia</subfield>
  </datafield>
  <datafield tag="338" ind1=" " ind2=" ">
    <subfield code="a">svazek</subfield>
    <subfield code="b">nc</subfield>
    <subfield code="2">rdacarrier</subfield>
  </datafield>
  <datafield tag="504" ind1=" " ind2=" ">
    <subfield code="a">Obsahuje bibliografii</subfield>
  </datafield>
  <datafield tag="520" ind1="2" ind2=" ">
    <subfield code="a">Moravsk&#xE9; &#x10C;ejkovice se st&#xE1;vaj&#xED; hlavn&#xED;m centrem templ&#xE1;&#x159;&#x16F; v &#x10C;esk&#xE9;m kr&#xE1;lovstv&#xED;. Co v&#x161;e se na m&#xED;stn&#xED; tvrzi d&#x11B;lo a co s n&#xED; m&#xE1; spole&#x10D;n&#xE9;ho slavn&#xE1; Dalimilova kronika?</subfield>
    <subfield code="b">Na templ&#xE1;&#x159;sk&#xE9;m panstv&#xED; v &#x10C;ejkovic&#xED;ch se odehr&#xE1;vaj&#xED; velk&#xE9; v&#x11B;ci. Komtur Ekko se chyst&#xE1; na p&#x159;ed&#xE1;n&#xED; majetku do rukou mocn&#xE9;ho Jind&#x159;icha z Lip&#xE9;. Tak&#xE9; &#x159;e&#x161;&#xED; zlo&#x10D;iny a p&#x159;e&#x10D;iny, kter&#xE9; se na &#x10D;ejkovick&#xE9;m panstv&#xED; stanou, a &#x17E;e jich nen&#xED; m&#xE1;lo! Kam a pro&#x10D; se ztratil Jan &#x160;ekvic, majitel dvora &#x160;atrapky? A vy&#x159;e&#x161;&#xED; se d&#xE1;vno zapomenut&#xE1; trag&#xE9;die na statku Dolina, kter&#xFD; dodnes obch&#xE1;z&#xED; duch templ&#xE1;&#x159;e &#x10C;irose? Nakladatelsk&#xE1; anotace.</subfield>
  </datafield>
  <datafield tag="655" ind1=" " ind2="7">
    <subfield code="a">&#x10D;esk&#xE9; rom&#xE1;ny</subfield>
    <subfield code="7">fd133974</subfield>
    <subfield code="2">czenas</subfield>
  </datafield>
  <datafield tag="655" ind1=" " ind2="7">
    <subfield code="a">historick&#xE9; rom&#xE1;ny</subfield>
    <subfield code="7">fd132414</subfield>
    <subfield code="2">czenas</subfield>
  </datafield>
  <datafield tag="655" ind1=" " ind2="7">
    <subfield code="a">detektivn&#xED; rom&#xE1;ny</subfield>
    <subfield code="7">fd132010</subfield>
    <subfield code="2">czenas</subfield>
  </datafield>
  <datafield tag="655" ind1=" " ind2="9">
    <subfield code="a">Czech fiction</subfield>
    <subfield code="2">eczenas</subfield>
  </datafield>
  <datafield tag="655" ind1=" " ind2="9">
    <subfield code="a">historical novels</subfield>
    <subfield code="2">eczenas</subfield>
  </datafield>
  <datafield tag="655" ind1=" " ind2="9">
    <subfield code="a">detective novels</subfield>
    <subfield code="2">eczenas</subfield>
  </datafield>
  <datafield tag="901" ind1=" " ind2=" ">
    <subfield code="b">9788027910021</subfield>
    <subfield code="f">2., upraven&#xE9; vyd&#xE1;n&#xED;, 1. vyd&#xE1;n&#xED; v nakl. Moravsk&#xE1; Bastei MOBA</subfield>
    <subfield code="o">20240123</subfield>
  </datafield>
  <datafield tag="952" ind1=" " ind2=" ">
    <subfield code="1">0</subfield>
    <subfield code="2">udc</subfield>
    <subfield code="4">0</subfield>
    <subfield code="0"></subfield>
  </datafield>
  <datafield tag="998" ind1=" " ind2=" ">
    <subfield code="a">003576682</subfield>
  </datafield>
  <datafield tag="910" ind1=" " ind2=" ">
    <subfield code="a">ABG508</subfield>
  </datafield>
  <datafield tag="044" ind1=" " ind2=" ">
    <subfield code="a">xr</subfield>
  </datafield>
  <datafield tag="993" ind1=" " ind2=" ">
    <subfield code="a">205.00</subfield>
    <subfield code="h">319.00</subfield>
    <subfield code="i">Team Business</subfield>
    <subfield code="d">2026-04-22</subfield>
    <subfield code="x">1076113 | Rozpo&#x10D;et 2026</subfield>
  </datafield>
  <datafield tag="999" ind1=" " ind2=" ">
    <subfield code="c">34204</subfield>
    <subfield code="d">34204</subfield>
  </datafield>
</record>
